| 000 | 01063nam a2200289 c 4500 | ||
|---|---|---|---|
| 003 | BLK | ||
| 005 | 20180422115232.0 | ||
| 008 | 180411b bul|||||r ||||||| ||bul|| | ||
| 010 | _aKNG00191529000 | ||
| 040 | _aBLK | ||
| 041 |
_aBUL _cBUL |
||
| 080 |
_aКубинска литература _b821.134.2(729.1) _x-31 _z821.134.2(729.1)-31 |
||
| 100 | 1 |
_aДесноес, Едмундо _eпърви автор _960208 |
|
| 700 | 1 |
_aЦенков, Тодор _eпрев. от исп. _9383954 |
|
| 139 |
_aДесноес, Едмундо _bД 45 |
||
| 245 | 1 | 0 |
_aЖивот без проблеми _bРоман _cЕдмундо Десноес; прев. от исп. Тодор Ценков. |
| 257 | _aCUB | ||
| 260 |
_аСофия _bНар. култура _c1963 |
||
| 300 |
_a176 с. _c25 см |
||
| 380 | _aX | ||
| 500 | _aАвт. не е даден на кор. - 8 090 тир. | ||
| 852 | _aЦб 28268 | ||
| 856 | 4 |
_qpdf _u |
|
| 856 | 4 |
_qpdf _u |
|
| 942 |
_cKNG _n0 |
||
| 944 |
_aCR _c05.10.2016 _kХристина_Везирева |
||
| 944 |
_aED _c07.10.2016 _kХристина_Везирева |
||
| 999 |
_c182604 _d182604 |
||